| 000 | 00437nam a2200169Ia 4500 | ||
|---|---|---|---|
| 003 | 0100 | ||
| 005 | 20220505072850.0 | ||
| 008 | 220505b |||||||| |||| 00| 0 eng d | ||
| 040 | _cdublicate | ||
| 050 | _aBR115.W2O35 | ||
| 100 |
_aO'Gara, James _951406 |
||
| 245 | 4 | _aThe church and war | |
| 260 |
_aWashington ,D. C. _bMassachusetts _c1967 |
||
| 300 |
_avii,63p. ; _c15cm. |
||
| 700 |
_aJames, O'Gara _951407 |
||
| 942 |
_2lcc _cMONOGRAPH |
||
| 999 |
_c36710 _d36710 |
||